MDQL
is popping MORE tags! Check the
thread
!
Quizzes
Events
Quiz Creation
Community
Videos
Private Events
Remove Ads
Sign In
Join for FREE
Feedback
Dark Mode
Quiz Categories
Sports
Geography
Music
Movies
Television
Just For Fun
Miscellaneous
History
Literature
Language
Science
Gaming
Entertainment
Religion
Holiday
For Kids
Quiz Lab
Recent
Popular Today
Quiz Kudos Today
Editor Picks
Curator Picks
Quizzes by...
Day
Popularity
Type
Ratings
Length
Year
Community
Subscriptions
Recent Discussions
Orange Saloon
Badges
Playlists
Quests
Create
Leaderboards
Showdown
Live 5
Trivia Bingo
Activity
Puzzle Library
Sporcle Events
Private Events
Virtual Trivia
Globe League
Become a Host
Pub Owners
SporcleCon
Opinionation
Our Games
Videos
Blog
Mobile Apps
Partnerships
Remove Ads and Go Orange
Feedback
Sports
Athletes
MLB
NBA
NHL
NFL
Soccer
Sports Teams
WWE
NCAA
Football
Premier League
Basketball
Baseball
Hockey
Golf
Tennis
Cricket
Rugby
Auto Racing
Olympics
World Cup
Sports
Athletes
MLB
NBA
NHL
NFL
Soccer
Sports Teams
WWE
NCAA
Football
Premier League
Basketball
Baseball
Hockey
Golf
Tennis
Cricket
Rugby
Auto Racing
Olympics
World Cup
Random Quiz
Search Sporcle
×
Quiz Lab
Quiz Lab
Sports
Basketball
Type in answers that appear in a list
Type in answers that appear in a list
Classic
Best Score? Go Orange.
NBA most points by team (East) Stats
Can you name the points leader for every eastern NBA team?
By
ligluryjr
13m
150 Questions
314 Plays
314 Plays
314 Plays
Comments
Comments
Give Quiz Kudos
Give Quiz Kudos
-
- Ratings
hide this ad
More Info
Replay
Link that replays current quiz
Next Quiz
Link to next quiz in quiz playlist
You Got
0%
They Got
Avg Score
46%
Avg Friend Score
Upgrade to see
Score Distribution
Jump to the score distribution portion of the page
Score
0/150
Timer
13:00
0
Plays Today
Team
Player
% Correct
Bulls
Michael Jordan
94.9%
Cavaliers
LeBron James
94.3%
Bulls
Scottie Pippen
92.4%
Bobcats
Gerald Wallace
91.4%
Celtics
Larry Bird
88.9%
Knicks
Patrick Ewing
88.5%
Heat
Dwyane Wade
88.2%
Celtics
Paul Pierce
87.6%
Magic
Shaquille O'Neal
86.9%
Pacers
Jermaine O'Neal
86%
Bucks
Michael Redd
84.1%
Nets
Vince Carter
82.8%
Raptors
Vince Carter
82.8%
Bobcats
Stephen Jackson
82.5%
Sixers/
Nationals
Allen Iverson
82.2%
Bucks
Marques Johnson
81.8%
Hawks
Eddie Johnson
81.8%
Pistons
Vinnie Johnson
81.8%
Wizards/
Bullets
Gus Johnson
81.8%
Pacers
Reggie Miller
81.5%
Hawks
Dominique Wilkins
80.6%
Magic
Dwight Howard
79.6%
Cavaliers
Campy Russell
79.3%
Celtics
Bill Russell
79.3%
Pistons
Isiah Thomas
79.3%
Raptors
Chris Bosh
79.3%
Heat
Alonzo Mourning
78.3%
Bobcats
Emeka Okafor
77.4%
Bucks
Kareem Abdul Jabbar
77.1%
Nets
Jason Kidd
76.8%
Bucks
Ray Allen
75.8%
Bobcats
Raymond Felton
73.6%
Celtics
John Havlicek
72.6%
Celtics
Kevin McHale
71.3%
Magic
Anfernee Hardaway
71.3%
Magic
Tracy McGrady
71.3%
Heat
Tim Hardaway
71%
Celtics
Robert Parish
70.1%
Pistons
Richard Hamilton
69.7%
Cavaliers
Hot Rod Williams
69.4%
Nets
Buck Williams
69.4%
Raptors
Alvin Williams
69.4%
Wizards/
Bullets
Gilbert Arenas
69.4%
Bulls
Ben Gordon
69.1%
Celtics
Bob Cousy
68.5%
Knicks
Allan Houston
68.5%
Nets
Julius Erving
68.5%
Sixers/
Nationals
Julius Erving
68.5%
Cavaliers
Zydrunas Ilgauskas
67.8%
Celtics
Sam Jones
66.2%
Team
Player
% Correct
Heat
Eddie Jones
66.2%
Cavaliers
Bingo Smith
65.3%
Bucks
Glenn Robinson
62.7%
Wizards/
Bullets
Antawn Jamison
62.4%
Knicks
Walt Frazier
60.8%
Pistons
Joe Dumars
60.8%
Nets
Richard Jefferson
60.5%
Magic
Jameer Nelson
58.6%
Knicks
Willis Reed
58.3%
Bulls
Horace Grant
56.7%
Cavaliers
Mark Price
56.1%
Magic
Nick Anderson
54.8%
Pistons
Grant Hill
54.8%
Bulls
Kirk Hinrich
54.1%
Pacers
Rik Smits
54.1%
Heat
Udonis Haslem
53.5%
Raptors
Jalen Rose
52.9%
Wizards/
Bullets
Jeff Malone
52.9%
Raptors
Antonio Davis
52.5%
Hawks
Bob Pettit
51.6%
Pacers
Freddie Lewis
51.3%
Sixers/
Nationals
Charles Barkley
49%
Bobcats
Jason Richardson
47.8%
Heat
Glen Rice
47.5%
Raptors
Andrea Bargnani
45.9%
Pistons
Bill Laimbeer
44.9%
Magic
Hedo Turkoglu
44.6%
Bulls
Chet Walker
44.3%
Sixers/
Nationals
Chet Walker
44.3%
Raptors
Jose Calderon
43.6%
Knicks
Earl Monroe
42.4%
Wizards/
Bullets
Elvin Hayes
41.7%
Wizards/
Bullets
Wes Unseld
41.7%
Cavaliers
Brad Daugherty
40.8%
Celtics
Dave Cowens
36.9%
Raptors
Damon Stoudamire
35.4%
Hawks
Lenny Wilkens
34.7%
Magic
Dennis Scott
34.7%
Bobcats
Boris Diaw
34.4%
Bulls
Jerry Sloan
34.1%
Celtics
JoJo White
34.1%
Nets
Derrick Coleman
33.4%
Pacers
Roger Brown
33.4%
Knicks
Bill Bradley
32.8%
Magic
Darrel Armstrong
32.2%
Raptors
Morris Peterson
32.2%
Hawks
Kevin Willis
31.8%
Bobcats
D.J. Augustin
31.2%
Sixers/
Nationals
Red Kerr
31.2%
Sixers/
Nationals
Hal Greer
30.3%
Team
Player
% Correct
Cavaliers
Larry Nance
29.9%
Nets
Kerry Kittles
29.9%
Pistons
Bob Lanier
29.9%
Sixers/
Nationals
Dolph Schayes
29.9%
Pistons
Dave Bing
29.3%
Bucks
Sidney Moncrief
28%
Bulls
Bob Love
28%
Sixers/
Nationals
Maurice Cheeks
28%
Cavaliers
Austin Carr
27.4%
Heat
Rony Seikaly
25.2%
Bulls
Artis Gilmore
23.9%
Magic
Scott Skiles
22.9%
Bobcats
Primoz Brezec
22.6%
Pacers
Chuck Person
22.6%
Bobcats
Matt Carroll
22.3%
Sixers/
Nationals
Billy Cunningham
22%
Bobcats
Brevin Knight
21.7%
Cavaliers
World B. Free
21.7%
Knicks
Bill Cartwright
21.7%
Pacers
Billy Knight
21.7%
Heat
Grant Long
19.4%
Pistons
John Long
19.4%
Wizards/
Bullets
Walt Bellamy
19.1%
Bucks
Terry Cummings
18.5%
Nets
Chris Morris
15.3%
Hawks
Lou Hudson
14%
Raptors
Doug Christie
14%
Bulls
Reggie Theus
13.7%
Pacers
Mel Daniels
12.4%
Heat
Kevin Edwards
11.8%
Knicks
Richie Guerin
11.8%
Bucks
Bob Dandridge
11.5%
Pacers
George McGinnis
11.5%
Nets
John Williamson
9.9%
Hawks
John Drew
9.2%
Hawks
Cliff Hagan
8.9%
Pacers
Vern Fleming
7%
Heat
Bimbo Coles
6.1%
Knicks
Dick Barnett
6.1%
Knicks
Carl Braun
5.7%
Bucks
Brian Winters
4.5%
Wizards/
Bullets
Phil Chenier
4.5%
Pistons
Bailey Howell
4.1%
Bucks
Junior Bridgeman
3.5%
Hawks
Bill Bridges
3.2%
Nets
Mike Gminski
2.9%
Wizards/
Bullets
Greg Ballard
2.9%
Wizards/
Bullets
Kevin Loughery
2.5%
Sixers/
Nationals
Larry Costello
2.2%
Hawks
Zelmo Beaty
1.6%
Quiz Playlist
Details
Report
Send in Message
Add To Playlist
More Info:
Check out http://www.sporcle.com/games/ligluryjr/nba_team_pts_leader_west for western conference teams
Classic:
Type in answers that appear in a list
Quiz Source
Last Updated: Feb 16, 2017
Quiz Scoreboard
CHALLENGE
Sign Up to Join the Scoreboard
Show All
Scores
Hide
Comments
May contain spoilers
Recently Published
Two Season TV Shows II
by 123Four
Television
10m
Image Sorting: Flags VI
by Barbecue
Geography
2m
Find the 'City' Movie
by crazypaving
Movies
60s
More to Explore
Quiz From the Vault
Featured Blog Post
14 Easter Pick-up Lines to Find Eggs With
hide this ad
You Might Also Like...
Tags
Basketball Quiz
NBA Quiz
east
Eastern
Player
point
team
Today's Top Quizzes in Sports
Browse Sports
hide this ad
Today's Top Quizzes in Basketball
Browse Basketball
Top Contributed Quizzes in Sports
1
Les meilleurs buteurs des matchs entre le PSG et l’OM
2
Les entraîneurs de l'OM et du PSG au 21e siècle
3
2022 World Cup Stars
4
Les joueurs passés par le PSG et l'OM
5
Players with Multiple 50 Home Run Seasons
6
FIFA Club World Cup Champions
7
Criteria MLB: Left Handed Sluggers
8
Les joueurs passés par le LOSC et le RC Lens
9
Top 10 NHL Goal Scorers of All Time
10
MLB Players with Two .350 Batting Average Seasons
Explore More
Trending Topics
Harry Potter
Disney
Crossword
Anime
Marvel
Kpop
NBA
Song
NFL
The Office
Pokémon
WWE
Soccer
Country
Puzzle
hide this ad
More By:
ligluryjr
Quiz
Plays
Rating
Category
Featured
Created
Most populous cities in Israel
383
5.00
Geography
Apr 2, 2010
NBA most points by team (East)
314
4.75
Sports
Apr 21, 2010
Closest neighboring capitals
304
3.25
Geography
Jul 3, 2010
NBA most points by team (West)
247
4.00
Sports
Apr 20, 2010
Longest border by country
245
5.00
Geography
Jun 3, 2010
Go to Creator's Profile
Score Distribution
Quiz Creator Spotlight
ligluryjr
Follow
Send a Message
Quizzes Created
-
Created Quiz Play Count
-
More By This Creator
Popular Quizzes Today
1
Find the US States - No Outlines Minefield
2
Colored Red Africa Blitz
3
Find the 'City' Movie
4
5x2 Blitz: Bands
5
The Countries of the World
6
Find the Countries of Europe - No Outlines Minefield
7
Find the US States
8
US States
More Sports Quizzes
NFL Post-Season Passing Leaders
Curator's Pick
Trending Quizzes
Colored Red Europe Blitz I
Colored Red Africa Blitz II
Colored Red Europe Blitz II
Colored Red Africa Blitz III
Colored Red Europe Blitz III
Recently Updated
How Do You Spell That?
pecheneg
Godzilla Movies
pecheneg
Grab Bag: 4-10 Letters
pecheneg
2024 March Madness Bracket
pecheneg
Famous TV Couples
Peacemaker
Champions League XIs: Real Madrid
pecheneg
Largest US Cities 1790-2010
pecheneg
Rides in Walt Disney World
pecheneg
Most Oscar Losses (Acting)
pecheneg
Beyoncé Albums
pecheneg
Trending Topics
Crossword
Kpop
Harry Potter
NBA
Marvel
Disney
Anime
The Office
Puzzle
WWE
Pokémon
Country
Soccer
Song
NFL
Your Account Isn't Verified!
In order to create a playlist on Sporcle, you need to verify the email address you used during registration. Go to your
Sporcle Settings
to finish the process.
Report this User
Report this user for behavior that violates our
Community Guidelines
.
Details:
Send Report
Go to the Sporcle.com Mobile Site →
Comments